Govt. of
Madhya Pradesh

Hazrat Mian Mir And The Sufi Tradition (Record no. 2572)

MARC details
000 -LEADER
fixed length control field 003290000a22001450004500
003 - CONTROL NUMBER IDENTIFIER
control field MACL
040 ## - CATALOGING SOURCE
Original cataloging agency MACL
090 ## - LOCALLY ASSIGNED LC-TYPE CALL NUMBER (OCLC); LOCAL CALL NUMBER (RLIN)
-- 2591
-- 2591
100 ## - MAIN ENTRY--PERSONAL NAME
Personal name Singh, Gyani Brahma
245 ## - TITLE STATEMENT
Title Hazrat Mian Mir And The Sufi Tradition
260 ## - PUBLICATION, DISTRIBUTION, ETC. (IMPRINT)
Place of publication, distribution, etc. Patiala
Name of publisher, distributor, etc. Punjabi University
Date of publication, distribution, etc. 1994
350 ## - PRICE (NR) (BK AM CF MU VM SE) [OBSOLETE]
Price 80
650 ## - SUBJECT ADDED ENTRY--TOPICAL TERM
Topical term or geographic name as entry element Religion
942 ## - ADDED ENTRY ELEMENTS (KOHA)
Koha item type Library Membar
Call number prefix 200
Holdings
Withdrawn status Lost status Source of classification or shelving scheme Damaged status Not for loan Home library Current library Date acquired Cost, normal purchase price Total Checkouts Full call number Barcode Date last seen Uniform Resource Identifier Price effective from Koha item type
          MACL MACL 15/04/2015 80.00   200/SIN CRE009959 02/05/2024 2564 15/04/2015 Books